000 00222nam a22001097a 4500
020 _a978-81-243-09469
082 _a474
_bJOS/G
245 _aHITHOPATHESH
260 _aMUMBAI
_bNAVNEET
650 _aSTORY
_zINDIA
942 _cBK
999 _c4693
_d4693